Welcome to CU Library Online Public Access Catalogue (OPAC)

SOILS OF THE TROPICS (Record no. 1380)

MARC details
000 -LEADER
fixed length control field 00393nam a22001457a 4500
005 - DATE AND TIME OF LATEST TRANSACTION
control field 20241120162941.0
008 - FIXED-LENGTH DATA ELEMENTS--GENERAL INFORMATION
fixed length control field 241120b |||||||| |||| 00| 0 eng d
050 ## - LIBRARY OF CONGRESS CALL NUMBER
Classification number S599
Item number .9T76 MON
100 ## - MAIN ENTRY--PERSONAL NAME
Personal name MONGIA, A.D.
245 ## - TITLE STATEMENT
Title SOILS OF THE TROPICS
260 ## - PUBLICATION, DISTRIBUTION, ETC.
Place of publication, distribution, etc. NEW DELHI
Name of publisher, distributor, etc. VIKAS PUBLISHING HOUSE PVT LTD
Date of publication, distribution, etc. c1993
300 ## - PHYSICAL DESCRIPTION
Extent vi, 202p
Other physical details ill.;
700 ## - ADDED ENTRY--PERSONAL NAME
Personal name A. K. BANDYOPADHYAY
942 ## - ADDED ENTRY ELEMENTS (KOHA)
Source of classification or shelving scheme Library of Congress Classification
Koha item type Books
Suppress in OPAC No
999 ## -
-- 1380
-- 1380
Holdings
Withdrawn status Lost status Source of classification or shelving scheme Damaged status Not for loan Collection Home library Current library Shelving location Date acquired Total checkouts Full call number Barcode Date last seen Copy number Price effective from Koha item type
    Library of Congress Classification     Non-fiction Undergraduate Library (Christ Temple) Undergraduate Library (Christ Temple) General stacks 11/20/2024   S599.9T76 MON ulct00000345 11/20/2024 1 11/20/2024 Books
    Library of Congress Classification     Non-fiction Undergraduate Library (Christ Temple) Undergraduate Library (Christ Temple) General stacks 09/26/2025   S599.9T76 MON ulct00005078 09/26/2025 1 09/26/2025 Books
© 2023-2024 Copyright: Central University Libraries. All Rights Reserved | Created by: Mahone Tech Office